| 000 | 00817nam a2200229Ia 4500 | ||
|---|---|---|---|
| 005 | 20250425162107.0 | ||
| 008 | 250425s9999 xx 000 0 und d | ||
| 020 | _a9586990176 | ||
| 041 | _aspa | ||
| 082 | _a620.0042 | ||
| 100 | _aGRECH MAYOR, PABLO | ||
| 245 | 0 | _aINTRODUCCION A LA INGENIERIA: UN ENFOQUE A TRAVES DEL DISEÑO | |
| 250 | _a1A ED. | ||
| 260 | _aBOGOTA | ||
| 260 |
_aColombia _bPEARSON EDUACACION _c2001 |
||
| 300 | _a392 | ||
| 520 | _aESTE TEXTO OFRECE UNA VISION INTEGRAL DE LA INGENIERIA, NO ES ESPECIFICO PARA ALGUNA DISCIPLINA MAS BIEN DA IMPORTANCIA AL DESARROLLO DE HABILIDADES DE LOS ESTUDIANTES. EL ENFOQUE DEL DISEÑO UTILIZADO PARA RESOLVER LOS PROBLEMAS MAS ABIERTOS QUE ENFRENTA | ||
| 650 | _aINGENIERIA | ||
| 650 | _aINGENIERIA-DISEÑO | ||
| 942 | _c01 | ||
| 010 | _a49387 | ||
| 999 |
_c222192 _d222192 |
||